000 00452nmm a2200145Ia 4500
008 251105s9999||||xx |||||||||||||||||und||
041 _aspa
100 _ade la Rosa, Carmen
245 0 _aLa carta de Lucrecia
264 _a[Madrid, España] :
_bAnantes Gestoría Cultural,
_c[Fecha de publicación no identificada]
300 _a0 páginas
650 _aSpanish narrative
856 _uhttps://public.digitaliapublishing.com/a/84019
942 _cCF
999 _c103948
_d103948